<?xml version="1.0" encoding="UTF-8"?>
<record
    xmlns:xsi="http://www.w3.org/2001/XMLSchema-instance"
    xsi:schemaLocation="http://www.loc.gov/MARC21/slim http://www.loc.gov/standards/marcxml/schema/MARC21slim.xsd"
    xmlns="http://www.loc.gov/MARC21/slim">

  <leader>02245cab a2200277Ia 45 0</leader>
  <controlfield tag="001">u212875</controlfield>
  <controlfield tag="003">SIRSI</controlfield>
  <controlfield tag="008">101023s2016    ua     ss b         eng d</controlfield>
  <datafield tag="040" ind1=" " ind2=" ">
    <subfield code="a">EAL</subfield>
  </datafield>
  <datafield tag="041" ind1=" " ind2=" ">
    <subfield code="a">eng</subfield>
    <subfield code="b">ara</subfield>
  </datafield>
  <datafield tag="090" ind1=" " ind2=" ">
    <subfield code="a">ART MJAR V41 No1 Pt1 2</subfield>
  </datafield>
  <datafield tag="100" ind1="1" ind2=" ">
    <subfield code="a">Mahdy, M. E.</subfield>
  </datafield>
  <datafield tag="240" ind1="1" ind2="0">
    <subfield code="a">Minufiya journal of agricultural research, 2016 v.41 (1)</subfield>
    <subfield code="n">Part 1</subfield>
    <subfield code="h">[electronic resource].</subfield>
  </datafield>
  <datafield tag="245" ind1="1" ind2="0">
    <subfield code="a">Influence of two Pasteuria penetrans bacterial isolates at different application types on root -knot nematodes (Meloidogyne spp.)</subfield>
    <subfield code="h">[electronic resource].</subfield>
  </datafield>
  <datafield tag="246" ind1="1" ind2="5">
    <subfield code="a">&#x62A;&#x623;&#x62B;&#x64A;&#x631; &#x639;&#x632;&#x644;&#x62A;&#x64A;&#x646; &#x645;&#x646; &#x628;&#x643;&#x62A;&#x631;&#x64A;&#x627; &#x627;&#x644;&#x628;&#x627;&#x633;&#x62A;&#x631;&#x64A;&#x627; &#x628;&#x64A;&#x646;&#x64A;&#x62A;&#x631;&#x627;&#x646;&#x633; &#x648;&#x627;&#x644;&#x645;&#x637;&#x628;&#x642;&#x629; &#x628;&#x637;&#x631;&#x642; &#x645;&#x62E;&#x62A;&#x644;&#x641;&#x629; &#x644;&#x645;&#x643;&#x627;&#x641;&#x62D;&#x629; &#x646;&#x64A;&#x645;&#x627;&#x62A;&#x648;&#x62F;&#x627; &#x62A;&#x639;&#x642;&#x62F; &#x627;&#x644;&#x62C;&#x630;&#x648;&#x631; &#x645;&#x64A;&#x644;&#x648;&#x62F;&#x648;&#x62C;&#x64A;&#x646;&#x627;.</subfield>
  </datafield>
  <datafield tag="300" ind1=" " ind2=" ">
    <subfield code="a">P.17-28.</subfield>
  </datafield>
  <datafield tag="504" ind1=" " ind2=" ">
    <subfield code="a">Includes references.</subfield>
  </datafield>
  <datafield tag="520" ind1=" " ind2=" ">
    <subfield code="a">Two P. penetrans bacterial isolates namely: Pp Japanese and Egyptian were used at different three types: pp infected root powder, spore suspension and attached larvae as a biocontrol agent against root-knot nematodes, Meloidogyne spp. on tomato plants under greenhouse conditions. Results revealed that the effective treatment obtained with Pp Japanese isolate as a pp root infected powder, where all nematode parameters significantly reduced compared to plants treated with nematode alone. Egyptian isolate appeared promise result when applied also as a pp root infected powder and as a spore suspension. The lowest effect was noticed with Japanese isolate when applied as attached larvae. Results indicate that the highest Pp infected females recorded with Japanese isolate as a root powder, followed by Egyptian isolate as a spore suspension, whereas the lowest Pp infected females recorded with Japanese isolate as a attached larvae.  Key words: Root-knot nematodes Meloidogyne spp.; Pasteuria penetrans; Tomato (Lycopersicon esculentum Mill).</subfield>
  </datafield>
  <datafield tag="546" ind1=" " ind2=" ">
    <subfield code="a">Summary in Arabic.</subfield>
  </datafield>
  <datafield tag="650" ind1=" " ind2="0">
    <subfield code="a">Root-knot nematodes</subfield>
    <subfield code="x">Control.</subfield>
  </datafield>
  <datafield tag="650" ind1=" " ind2="0">
    <subfield code="a">Tomatoes</subfield>
    <subfield code="x">Diseases and pests.</subfield>
  </datafield>
  <datafield tag="650" ind1=" " ind2="3">
    <subfield code="a">Pasteuria penetrans</subfield>
  </datafield>
  <datafield tag="773" ind1="0" ind2=" ">
    <subfield code="t">Minufiya Journal of Agricultural Research. </subfield>
    <subfield code="g">2016.v.41(1)</subfield>
    <subfield code="n">Part 1</subfield>
    <subfield code="x">1110-0265</subfield>
    <subfield code="7">nnas</subfield>
    <subfield code="w">u158151</subfield>
  </datafield>
  <datafield tag="856" ind1="4" ind2="0">
    <subfield code="u">http://nile.enal.sci.eg/EALE/2016/MJAR/4116/1p1/17.pdf</subfield>
    <subfield code="z">Full Text Article</subfield>
  </datafield>
  <datafield tag="596" ind1=" " ind2=" ">
    <subfield code="a">1</subfield>
  </datafield>
  <datafield tag="942" ind1=" " ind2=" ">
    <subfield code="c">AR</subfield>
    <subfield code="2">lcc</subfield>
  </datafield>
  <datafield tag="952" ind1=" " ind2=" ">
    <subfield code="0">0</subfield>
    <subfield code="1">0</subfield>
    <subfield code="2">alc</subfield>
    <subfield code="4">0</subfield>
    <subfield code="7">0</subfield>
    <subfield code="a">ENAL</subfield>
    <subfield code="b">ENAL</subfield>
    <subfield code="d">2019-12-11</subfield>
    <subfield code="l">0</subfield>
    <subfield code="o">ART MJAR V41 No1 Pt1 2</subfield>
    <subfield code="r">2019-12-11 00:00:00</subfield>
    <subfield code="w">2019-12-11</subfield>
    <subfield code="y">AR</subfield>
  </datafield>
  <datafield tag="999" ind1=" " ind2=" ">
    <subfield code="c">61581</subfield>
    <subfield code="d">61581</subfield>
  </datafield>
</record>
